| 000 | 00947nam a22003137a 4500 | ||
|---|---|---|---|
| 001 | 000513 | ||
| 003 | DO-SdBNP | ||
| 005 | 20240703103224.0 | ||
| 007 | 000513 | ||
| 008 | 160902b2001 cl 00| 0 spa d | ||
| 020 | _a9780460825 | ||
| 040 |
_aBPMSU _bspa _cBPMSU |
||
| 082 | 4 |
_a306.85 _bM389s 2001 _222 |
|
| 100 | 1 | _aMarulanda, Ángela. | |
| 245 | 1 | 0 |
_aSigamos creciendo con nuestros hijos / _bÁngela Marulanda. _c |
| 260 |
_aBogotá : _bEditorial Norma, _c2001 _b |
||
| 300 |
_a272 p. : _bil. ; _c24 cm. |
||
| 500 | _aIncluye datos de la autora en la solapa de la cubierta. | ||
| 500 | _a | ||
| 500 | _a | ||
| 504 | _aBibliografía : p. 267-269 | ||
| 590 | _aInventariado, 2024/VM | ||
| 650 | 4 | _aEducación para la vida familiar | |
| 650 | 4 | _aConducta (Ética) | |
| 650 | 4 | _aEducación en el hogar | |
| 700 | 1 |
_aForero de Francisco, Catalina, _ecol. |
|
| 910 | _aVMateo V. Control de calidad, BPMSU | ||
| 942 |
_2ddc _cBK |
||
| 999 |
_c14712 _d14712 |
||